Interfaces <The> Bulletin of The Institute of Management Sciences
Gespeichert in:
| Format: | Schriftenreihe |
|---|---|
| Sprache: | Englisch |
| Veröffentlicht: |
Providence
Institute of Management Sciences
1971
|
| Schlagworte: | |
| Tags: |
Keine Tags, Fügen Sie das erste Tag hinzu!
|
MARC
| LEADER | 00000nas2a2200000 4500 | ||
|---|---|---|---|
| 001 | s006546 | ||
| 005 | 20041019155327.0 | ||
| 041 | 0 | |a eng | |
| 044 | |a US | ||
| 245 | 1 | 0 | |a Interfaces |b <The> Bulletin of The Institute of Management Sciences |
| 264 | 1 | |a Providence |b Institute of Management Sciences |c 1971 | |
| 773 | 0 | |w eu_un_cat*s120480 | |
| 610 | 2 | 0 | |a veda o riadení |